| 000 -LEADER |
| fixed length control field |
00668nam a2200193 a 4500 |
| 020 ## - INTERNATIONAL STANDARD BOOK NUMBER |
| ISBN |
0861962907 |
| 040 ## - CATALOGING SOURCE |
| Transcribing agency |
DLC |
| 082 00 - DEWEY DECIMAL CLASSIFICATION NUMBER |
| Classification number |
632 EDI 1991 A046 Or. |
| 245 13 - TITLE STATEMENT |
| Title |
La lutte anti-acridienne : |
| Remainder of title |
Colloque international sur les perspectives de recherche biologique et chimique dans le cadre de la lutte anti-acridienne, Rabat, Maroc, 27 novembre-2 décembre 1989 / |
| 260 ## - PUBLICATION, DISTRIBUTION, ETC. (IMPRINT) |
| Place of publication |
Montrouge, France : |
| Name of publisher |
Editions J. Libbey Eurotext, |
| Year of publication |
c1991. |
| 300 ## - PHYSICAL DESCRIPTION |
| Number of Pages |
xxiii, 306 p. : |
| Other physical details |
ill. ; |
| Dimensions |
25 cm. |
| 650 #0 - SUBJECT ADDED ENTRY--TOPICAL TERM |
| Topical Term |
Desert locust |
| 650 #0 - SUBJECT ADDED ENTRY--TOPICAL TERM |
| Topical Term |
Desert locust |
| 650 #0 - SUBJECT ADDED ENTRY--TOPICAL TERM |
| Topical Term |
Locusts |
| 650 #0 - SUBJECT ADDED ENTRY--TOPICAL TERM |
| Topical Term |
Locusts |
| 650 #0 - SUBJECT ADDED ENTRY--TOPICAL TERM |
| Topical Term |
Insecticides |
| 700 1# - ADDED ENTRY--PERSONAL NAME |
| Personal name |
Essaid, Abderrahmane. |
| 942 ## - ADDED ENTRY ELEMENTS (KOHA) |
| Koha item type |
សៀវភៅភាសាបារាំង |
| 952 ## - LOCATION AND ITEM INFORMATION (KOHA) |
| Withdrawn status [LOCAL, KOHA] |
0 |